000 00425nam a22001337a 4500
003 SGT
020 _a9788190807166
082 _a200
_bK11K
100 _aकोठरी, गुलाब
245 _aकृष्ण तत्व की वैज्ञानिकता : वेद विज्ञानं माला
260 _bओझा वैदिक अध्ययन
_c2011
300 _a527
942 _2ddc
_cBK
999 _c31715
_d31715